|
|
|
|
| LEADER |
00000nam a22000007a 4500 |
| 005 |
20220817011755.0 |
| 007 |
cr|||| |||| |
| 008 |
220817s2021 br |||||s|||| 00||0 por d |
| 020 |
|
|
|a 978658935157-3
|
| 035 |
|
|
|a 36838
|
| 040 |
|
|
|a vLex
|
| 090 |
|
|
|c 13716
|d 13716
|
| 100 |
1 |
|
|a de Moraes Mello, Cleyson
|
| 245 |
1 |
2 |
|a Os fundamentos do direito
|h [Recurso electrn̤ico] :
|b Estudos em homenagem ao professor Francisco dos Santos Amaral Neto /
|c Cleyson de Moraes Mello, Andr ̌R. C. Fontes, Claudia Franco Correa, Flavio Alves Martins
|
| 256 |
|
|
|a Servicio en ln̕ea
|
| 260 |
|
|
|a Rio de Janeiro:
|b Editora Processo,
|c 2021
|
| 300 |
|
|
|a 1 recurso electrn̤ico
|
| 500 |
|
|
|a Uma atividade intelectual notv̀el e realmente digna de admiraȯ̂! Uma personalidade extraordinr̀ia! O mais fulgurante romanista em exercc̕io no Pas̕! Um pensador do Direito Civil, cuja forȧ reside no Direito Romano, no Historicismo e no Personalismo Ético! É bem possv̕el que tudo quanto se deva dizer acerca da vida acadm̊ica esteja resumido nestas palavras. Entretanto, a contribuiȯ̂ do Professor Francisco Amaral, nestes tempos remotos da cultura cls̀sica e cujos pontos da cultura jurd̕ica sô tô difc̕eis de trilhar, vai muito mais alm̌. Uma pessoa ̌algo estritamente individual! Nô se pode falar de uma pessoa, no sentido geral! Mas, Francisco Amaral est ̀ligado a todos ns̤ como parte do mundo que vivemos! É a pessoa que nos entrelaȧ neste momento! E no nosso microcosmo estamos juntos neste corpo literr̀io de saudaȯ̂ e revern̊cia, para demonstrar o vn̕culo que nos une! O espr̕ito acadm̊ico n︢ico, agrupado, soldado e amalgamado, neste momento, ̌o de reconhecimento de um sb̀io! Um homem devotado de corpo e alma ao objetivo mais nobre que a existn̊cia de um jurista pode marcar: a busca da justiȧ pelo direito. O homenageado ̌assim reconhecido pelos seus alunos e admiradores. E tambm̌ pelos caminhos novos que percorreu, sem nunca ter abandonado sua vocaȯ̂ docente e sua capacidade de conduzir e estender a mô aos que se iniciavam e aos que ainda hoje o seguem. É esse duplo aspecto do seu espr̕ito, de jurista e de professor, que ditou a formaȯ̂ de seu cart̀er!
|
| 506 |
1 |
|
|a Disponible solo en los productos indicados
|d vLex Global
|d vLex Global (Academic Edition, excluding Law Schools)
|d vLex Global (U.S. Academic Edition, Law Schools)
|d vLex Global (U.S. Academic Edition, excluding Law Schools)
|d vLex Global (Academic Edition, Law Schools)
|
| 650 |
0 |
4 |
|a Humanidades
|z Brasil
|
| 700 |
1 |
|
|a Fontes, Andr ̌R. C.
|
| 700 |
1 |
|
|a Correa, Claudia Franco
|
| 700 |
1 |
|
|a Alves Martins, Flavio
|
| 740 |
0 |
|
|a vLex Libros (Servicio en ln̕ea)
|
| 856 |
4 |
0 |
|u https://app.vlex.com/#/sources/36838
|z Acceso restringido
|
| 942 |
|
|
|c BOOK
|
| 999 |
0 |
|
|a Humanities
|